Statistiques concernant Associez les paroles au groupe/artiste (fr-en)

Cliquez ici pour prendre le quiz!

Statistiques générales

  • Ce quiz a été pris 64 fois
  • Le résultat moyen est 8 sur 15

Statistiques - réponses

LyricsArtist/Group% Correct
Mama, just killed a man
Put a gun against his head, pulled my trigger, now he's dead
Queen
86%
Give me a sign
Hit me, baby, one more time
Britney Spears
77%
Si tu l'as, tu l'as
Ella, elle l'a
France Gall
77%
J'ai fait l'amour et la révolution
J'ai fait le tour de la question
J'avance, avance à reculons
Zazie
70%
Puis après je ferai des galas
Mon public se prosternera devant moi
Daniel Balavoine
68%
And after all
You're my wonderwall
Oasis
65%
Ils m'entraînent au bout de la nuit
Les démons de minuit
Images
54%
Looking like a true survivor, feeling like a little kid
I'm still standing after all this time
Elton John
53%
We only said goodbye with words
I died a hundred times
Amy Winehouse
46%
Puisqu'on est jeunes et cons
Puisqu'ils sont vieux et fous
Saez
44%
Au-dessus des vieux volcans
Glissent des ailes sous le tapis volant
Desireless
42%
La caresse et la mitraille
Et cette plaie qui nous tiraille
Noir Désir
25%
No need to run and hide
It's a wonderful, wonderful life
Black
21%
All I ever wanted
All I ever needed
Is here in my arms
Depeche Mode
19%
There's a heaven above you, baby
And don't you cry tonight
Guns N' Roses
14%

Distribution des résultats

Percentile par nombre de réponses

% des personnes avec chaque résultat

Votre développement - résultats

Vous n’avez pas pris ce quiz